000 00614nam a22002417a 4500
003 UA-OsUOA
001 62077
007 ta
008 20090811b un ||||| |||| 00| 0 ukr d
100 _aБайда Т.
090 _a82-31
_bБ 18
942 _cBK
040 _aUA-OsUOA
_bukr
_cUA-OsUOA
_dUA-OsUOA
245 _aПокоління приречених
300 _a283 с.
955 _a3
041 _aukr
080 _a82-31
020 _a966-8575-12-1
260 _aЛуцьк
_bТерен
_c2004
650 7 _a82 Література. Літературознавство
_2UDC
999 _c348085
_d348085